[Event "Tancat Societat Coral Colon 2010"]
[Site "Sabadell ESP"]
[Date "2010.12.18"]
[Round "5.3"]
[White "Vila Gazquez, Xavier"]
[Black "Alonso Rosell, Alvar"]
[Result "1/2-1/2"]
[WhiteElo "2469"]
[BlackElo "2491"]
[PlyCount "51"]
[EventDate "2010.12.14"]
[EventType "tourn"]
[EventRounds "9"]
[EventCountry "ESP"]
[EventCategory "9"]
[Source "lmi"]
[SourceDate "2010.12.14"]

1. e4 e6 2. Nc3 d5 3. d4 Bb4 4. e5 b6 5. Qg4 Bf8 6. Bg5 Qd7 7. h4 h6 8. Be3 h5
9. Qf3 Ba6 10. Bxa6 Nxa6 11. Nh3 Ne7 12. Nf4 g6 13. g4 hxg4 14. Qxg4 Nf5 15.
O-O-O O-O-O 16. h5 gxh5 17. Rxh5 Rxh5 18. Nxh5 Be7 19. Ng3 Nxe3 20. fxe3 f6 21.
exf6 Bxf6 22. Nh5 Bh8 23. Nf4 c6 24. Rh1 Nc7 25. Rh5 Re8 26. Qg6 1/2-1/2

[Event "Tancat Societat Coral Colon 2010"]
[Site "Sabadell ESP"]
[Date "2010.12.18"]
[Round "5.4"]
[White "Gonzalez Garcia, Jose"]
[Black "Jerez Perez, Alfonso"]
[Result "1-0"]
[WhiteElo "2521"]
[BlackElo "2418"]
[PlyCount "113"]
[EventDate "2010.12.14"]
[EventType "tourn"]
[EventRounds "9"]
[EventCountry "ESP"]
[EventCategory "9"]
[Source "lmi"]
[SourceDate "2010.12.14"]

1. Nf3 Nf6 2. d4 g6 3. c4 Bg7 4. Nc3 d5 5. cxd5 Nxd5 6. e4 Nxc3 7. bxc3 O-O 8.
Be2 c5 9. O-O b6 10. Bg5 Bb7 11. Qd3 Ba6 12. Qe3 Bxe2 13. Qxe2 Qc7 14. Qe3 e6
15. Bh6 Nc6 16. Bxg7 Kxg7 17. dxc5 Na5 18. cxb6 axb6 19. e5 Nc4 20. Qf4 Ra5 21.
Rfe1 b5 22. h4 Nb6 23. h5 Nd5 24. h6+ Kg8 25. Qg5 Qe7 26. Qxe7 Nxe7 27. Nd4 Rc8
28. Rab1 Rxa2 29. Nxb5 Raa8 30. Nd6 Rxc3 31. Rb7 Nf5 32. Ne4 Rca3 33. Nf6+ Kh8
34. Rxf7 R3a7 35. Rxa7 Rxa7 36. Ng4 Kg8 37. Rb1 Kf7 38. Rb8 g5 39. f3 Ne7 40.
Nf6 Kg6 41. Rb6 Kxh6 42. Rxe6 Ng6 43. Rd6 Kg7 44. Nh5+ Kh6 45. Ng3 Kg7 46. Nf5+
Kg8 47. e6 Ra8 48. Rd7 Re8 49. Rg7+ Kf8 50. Rf7+ Kg8 51. Rg7+ Kf8 52. Rxh7 Rxe6
53. Rh5 Re5 54. Rxg5 Nh4 55. Nd4 Re1+ 56. Kf2 Rd1 57. Rg4 1-0

[Event "Tancat Societat Coral Colon 2010"]
[Site "Sabadell ESP"]
[Date "2010.12.18"]
[Round "5.5"]
[White "Aloma Vidal, Robert"]
[Black "Moskalenko, Viktor"]
[Result "0-1"]
[WhiteElo "2435"]
[BlackElo "2587"]
[PlyCount "148"]
[EventDate "2010.12.14"]
[EventType "tourn"]
[EventRounds "9"]
[EventCountry "ESP"]
[EventCategory "9"]
[Source "lmi"]
[SourceDate "2010.12.14"]

1. Nf3 Nf6 2. c4 g6 3. d4 Bg7 4. g3 O-O 5. Bg2 c6 6. O-O d5 7. Qb3 Qb6 8. Nc3
Be6 9. Qxb6 axb6 10. cxd5 Nxd5 11. Bg5 Nd7 12. Nxd5 Bxd5 13. a3 Rfe8 14. Bf4
Ra4 15. e3 b5 16. Rfe1 f5 17. Nd2 Bxg2 18. Kxg2 e5 19. dxe5 Nxe5 20. Bxe5 Bxe5
21. Rab1 Rd8 22. Re2 Bg7 23. h3 Rd3 24. Kf3 Ra8 25. Nf1 Rad8 26. Ree1 Rb3 27.
Re2 c5 28. Rc2 c4 29. Nd2 Rbd3 30. Ke2 R8d7 31. a4 bxa4 32. Nxc4 Rb3 33. Nd2
Rb4 34. b3 b5 35. Rc8+ Kf7 36. g4 a3 37. Ra8 Bb2 38. gxf5 gxf5 39. Rg1 Rc7 40.
Rg5 Kf6 41. Rgg8 Rh4 42. Rgf8+ Kg7 43. Rxf5 Rxh3 44. Rxb5 Rf7 45. Rg5+ Kh6 46.
Ne4 Rf6 47. Nxf6 Kxg5 48. Ne4+ Kg6 49. Ra6+ Kg7 50. Ng3 Kf7 51. b4 Ke7 52. b5
Kd7 53. Kf3 Rh4 54. Ne4 Kc7 55. Nc5 Rb4 56. Ne6+ Kb7 57. Nc5+ Kc7 58. Rc6+ Kd8
59. Ne6+ Ke7 60. Ra6 Rxb5 61. Nd4 Rb7 62. Nc2 Rb3 63. Ke2 h5 64. Rh6 a2 65. Ra6
Ra3 66. Rxa3 Bxa3 67. f4 Kd6 68. e4 Bb2 69. Ke3 Kc5 70. e5 Kc4 71. Kd2 h4 72.
e6 Bf6 73. Kc1 h3 74. e7 Bxe7 0-1

[Event "Tancat Societat Coral Colon 2010"]
[Site "Sabadell ESP"]
[Date "2010.12.19"]
[Round "6.1"]
[White "Peralta, Fernando"]
[Black "Moskalenko, Viktor"]
[Result "1-0"]
[WhiteElo "2595"]
[BlackElo "2587"]
[PlyCount "115"]
[EventDate "2010.12.14"]
[EventType "tourn"]
[EventRounds "9"]
[EventCountry "ESP"]
[EventCategory "9"]
[Source "lmi"]
[SourceDate "2010.12.14"]

1. Nf3 c5 2. c4 Nc6 3. Nc3 Nf6 4. e3 e6 5. d4 d5 6. cxd5 exd5 7. Bb5 cxd4 8.
exd4 Bd6 9. O-O O-O 10. h3 h6 11. Re1 Be6 12. Ne5 Qb6 13. Bxc6 bxc6 14. Na4 Qb5
15. Bf4 Bxe5 16. Bxe5 Nd7 17. b3 Bf5 18. Qd2 Rfe8 19. Bd6 Qd3 20. Qxd3 Bxd3 21.
Rac1 Bb5 22. Nc3 Ba6 23. f3 f6 24. Na4 Bb7 25. Bc5 a6 26. Kf2 Kf7 27. Rxe8 Rxe8
28. Bb4 g5 29. h4 f5 30. hxg5 hxg5 31. Nb2 f4 32. Nd3 Kg6 33. Bd6 Kf5 34. Rh1
Re6 35. g4+ fxg3+ 36. Bxg3 a5 37. Re1 Ba6 38. Rxe6 Kxe6 39. Ke3 Bxd3 40. Kxd3
Nf6 41. a4 g4 42. fxg4 Nxg4 43. Be1 Kd7 44. Bxa5 Nf2+ 45. Ke3 Ne4 46. Bb4 Nf6
47. Kf4 Ne8 48. Ke5 Nc7 49. a5 Na6 50. Bd6 Kc8 51. Ke6 Kd8 52. Bf4 Kc8 53. Bd6
Kd8 54. b4 Kc8 55. Ke7 c5 56. Bxc5 Kc7 57. Ke6 Kc6 58. Bd6 1-0

[Event "Tancat Societat Coral Colon 2010"]
[Site "Sabadell ESP"]
[Date "2010.12.19"]
[Round "6.2"]
[White "Jerez Perez, Alfonso"]
[Black "Aloma Vidal, Robert"]
[Result "1/2-1/2"]
[WhiteElo "2418"]
[BlackElo "2435"]
[PlyCount "24"]
[EventDate "2010.12.14"]
[EventType "tourn"]
[EventRounds "9"]
[EventCountry "ESP"]
[EventCategory "9"]
[Source "lmi"]
[SourceDate "2010.12.14"]

1. e4 Nf6 2. e5 Nd5 3. d4 d6 4. c4 Nb6 5. exd6 exd6 6. Nc3 Nc6 7. Be3 Be7 8. b3
Bf6 9. Qd2 O-O 10. Be2 h6 11. h3 Bf5 12. Nf3 d5 1/2-1/2

[Event "Tancat Societat Coral Colon 2010"]
[Site "Sabadell ESP"]
[Date "2010.12.19"]
[Round "6.4"]
[White "Gonzalez, Raul Omar"]
[Black "Vila Gazquez, Xavier"]
[Result "0-1"]
[WhiteElo "2279"]
[BlackElo "2469"]
[PlyCount "68"]
[EventDate "2010.12.14"]
[EventType "tourn"]
[EventRounds "9"]
[EventCountry "ESP"]
[EventCategory "9"]
[Source "lmi"]
[SourceDate "2010.12.14"]

1. d4 Nf6 2. c4 c5 3. d5 e5 4. Nc3 d6 5. g3 Be7 6. Bg2 O-O 7. e3 a6 8. a4 Ne8
9. Nge2 g6 10. a5 Ng7 11. Bd2 b6 12. axb6 Qxb6 13. Rb1 Bf5 14. e4 Bd7 15. O-O
a5 16. b3 Na6 17. f4 f6 18. h3 Nb4 19. Be3 a4 20. bxa4 Qa6 21. Qb3 Bxa4 22.
Nxa4 Qxa4 23. Rfc1 Rfb8 24. Qxa4 Rxa4 25. Nc3 Ra3 26. Bd2 Rba8 27. Bf1 Nh5 28.
fxe5 fxe5 29. g4 Nf4 30. Kh2 Bh4 31. Kg1 Bg5 32. Rb2 Nbd3 33. Bxd3 Nxd3 34.
Bxg5 Nxb2 0-1

[Event "Tancat Societat Coral Colon 2010"]
[Site "Sabadell ESP"]
[Date "2010.12.19"]
[Round "6.5"]
[White "Panelo, Marcelo"]
[Black "Mestre Bellido, Hector"]
[Result "1-0"]
[WhiteElo "2432"]
[BlackElo "2397"]
[PlyCount "70"]
[EventDate "2010.12.14"]
[EventType "tourn"]
[EventRounds "9"]
[EventCountry "ESP"]
[EventCategory "9"]
[Source "lmi"]
[SourceDate "2010.12.14"]

1. e4 e5 2. Nf3 Nc6 3. Bb5 a6 4. Ba4 Nf6 5. d4 exd4 6. O-O Be7 7. Re1 b5 8. e5
Nxe5 9. Rxe5 bxa4 10. Nxd4 O-O 11. Nc3 Re8 12. Bg5 h6 13. Bh4 Bb7 14. Nf5 Bf8
15. Rxe8 Qxe8 16. Bxf6 gxf6 17. Qg4+ Kh7 18. Qxa4 Qe6 19. Qf4 Re8 20. h3 d6 21.
Rd1 Qe5 22. Qc4 d5 23. Qd3 Kh8 24. Nxd5 Rd8 25. Nfe3 Bxd5 26. c4 Qxb2 27. cxd5
a5 28. Qc4 Qb6 29. Rc1 Bd6 30. Qh4 Bf8 31. g3 Rd7 32. Qg4 Re7 33. Qc8 Kg8 34.
Nf5 Re2 35. Nxh6+ Kg7 1-0

[Event "Tancat Societat Coral Colon 2010"]
[Site "Sabadell ESP"]
[Date "2010.12.20"]
[Round "7.1"]
[White "Mestre Bellido, Hector"]
[Black "Peralta, Fernando"]
[Result "0-1"]
[WhiteElo "2397"]
[BlackElo "2595"]
[PlyCount "126"]
[EventDate "2010.12.14"]
[EventType "tourn"]
[EventRounds "9"]
[EventCountry "ESP"]
[EventCategory "9"]
[Source "lmi"]
[SourceDate "2010.12.14"]

1. e4 c6 2. d4 d5 3. exd5 cxd5 4. Bd3 Nc6 5. c3 Nf6 6. Bf4 Bg4 7. Qb3 Qd7 8.
Nd2 e6 9. Ngf3 Bxf3 10. Nxf3 Bd6 11. Bxd6 Qxd6 12. Qxb7 Rb8 13. Qa6 O-O 14. Bb5
Rb6 15. Qa4 Ne7 16. b3 Ne4 17. Rc1 Rc8 18. Bd3 Ng6 19. g3 Nxc3 20. Qxa7 Rbc6
21. Kf1 Qd8 22. Bxg6 hxg6 23. Ne5 R6c7 24. Qa5 Ra8 25. Qb6 Qc8 26. Rc2 Ra6 27.
Qb4 Ne4 28. Rxc7 Qxc7 29. Kg2 Rxa2 30. Rf1 g5 31. Qb5 Nd6 32. Qb4 Ne4 33. Qb5
Nd6 34. Qb4 Nf5 35. Kg1 Ne3 36. Qb5 Nxf1 37. Qe8+ Kh7 38. Nxf7 Ne3 39. Nxg5+
Kh6 40. Qxe6+ Kxg5 41. Qxe3+ Kf6 42. Qf3+ Ke7 43. Qxd5 Ra6 44. Qg5+ Kf8 45. h4
Rf6 46. b4 Qc3 47. Qe5 Qxb4 48. g4 Qb1+ 49. Kg2 Qb7+ 50. d5 Qb6 51. f3 Qb3 52.
Qe4 Qb2+ 53. Kg3 Qb8+ 54. Kg2 Qf4 55. Qd3 Qe5 56. Qc4 Rd6 57. Qc8+ Qe8 58. Qc5
Qe2+ 59. Kg3 Qe5+ 60. Kg2 Qe2+ 61. Kg3 Qe5+ 62. Kg2 Qxd5 63. Qc8+ Rd8 0-1

[Event "Tancat Societat Coral Colon 2010"]
[Site "Sabadell ESP"]
[Date "2010.12.20"]
[Round "7.2"]
[White "Vila Gazquez, Xavier"]
[Black "Panelo, Marcelo"]
[Result "1-0"]
[WhiteElo "2469"]
[BlackElo "2432"]
[PlyCount "99"]
[EventDate "2010.12.14"]
[EventType "tourn"]
[EventRounds "9"]
[EventCountry "ESP"]
[EventCategory "9"]
[Source "lmi"]
[SourceDate "2010.12.14"]

1. e4 e5 2. Nf3 Nc6 3. Bb5 a6 4. Ba4 Nf6 5. d3 d6 6. c3 Be7 7. O-O O-O 8. Re1
Re8 9. Nbd2 Bf8 10. Nf1 h6 11. Ng3 g6 12. h3 Bg7 13. d4 b5 14. Bc2 Bb7 15. d5
Na5 16. Nd2 c6 17. b4 Nc4 18. Nxc4 bxc4 19. Ba4 cxd5 20. Bxe8 Qxe8 21. Be3 Qc6
22. a4 Rd8 23. Qb1 Nxe4 24. Nxe4 dxe4 25. b5 axb5 26. Qxb5 Qc8 27. Rab1 Ba8 28.
a5 f5 29. a6 f4 30. Bb6 Rf8 31. Rb4 Kh7 32. Qxc4 Qf5 33. Qf1 e3 34. fxe3 Qc2
35. e4 Qxc3 36. Rc4 Qb2 37. Rb1 Qa3 38. Ra1 Qb3 39. Rb1 Qa3 40. a7 f3 41. g3
Rf7 42. Ra1 f2+ 43. Bxf2 Qf3 44. Qg2 Qd3 45. Rc8 Rf8 46. Rxf8 Bxf8 47. Re1 d5
48. exd5 Bd6 49. Qe4 Qa3 50. Rd1 1-0

[Event "Tancat Societat Coral Colon 2010"]
[Site "Sabadell ESP"]
[Date "2010.12.20"]
[Round "7.3"]
[White "Gonzalez Garcia, Jose"]
[Black "Gonzalez, Raul Omar"]
[Result "1-0"]
[WhiteElo "2521"]
[BlackElo "2279"]
[PlyCount "75"]
[EventDate "2010.12.14"]
[EventType "tourn"]
[EventRounds "9"]
[EventCountry "ESP"]
[EventCategory "9"]
[Source "lmi"]
[SourceDate "2010.12.14"]

1. d4 Nf6 2. c4 c5 3. d5 b5 4. cxb5 a6 5. bxa6 Bxa6 6. Nc3 d6 7. Nf3 g6 8. g3
Bg7 9. Bg2 Nbd7 10. Rb1 Qa5 11. Bd2 O-O 12. O-O Rfb8 13. Qc2 Ng4 14. b3 Qa3 15.
h3 Nge5 16. Ne1 Nf6 17. Qd1 Qa5 18. Nc2 Ne8 19. Qe1 Qd8 20. a4 Nc7 21. Kh2 Ne8
22. f4 Nd7 23. Qd1 Bb7 24. e4 Nb6 25. Re1 Nc7 26. Na3 Ba6 27. Bf1 Bxf1 28. Rxf1
e6 29. dxe6 fxe6 30. Nab5 Nxb5 31. Nxb5 d5 32. exd5 exd5 33. f5 Rb7 34. fxg6
hxg6 35. Qg4 Kh7 36. Rbe1 Nd7 37. Bg5 Qh8 38. Re7 1-0

[Event "Tancat Societat Coral Colon 2010"]
[Site "Sabadell ESP"]
[Date "2010.12.20"]
[Round "7.5"]
[White "Moskalenko, Viktor"]
[Black "Jerez Perez, Alfonso"]
[Result "1-0"]
[WhiteElo "2587"]
[BlackElo "2418"]
[PlyCount "47"]
[EventDate "2010.12.14"]
[EventType "tourn"]
[EventRounds "9"]
[EventCountry "ESP"]
[EventCategory "9"]
[Source "lmi"]
[SourceDate "2010.12.14"]

1. d4 Nf6 2. c4 g6 3. Nc3 d5 4. cxd5 Nxd5 5. Bd2 Bg7 6. e4 Nb6 7. Be3 O-O 8. h3
Nc6 9. Nf3 f5 10. exf5 Bxf5 11. Qb3+ Kh8 12. d5 Ne5 13. Nd4 Qd6 14. Rd1 Qf6 15.
Be2 Rad8 16. O-O Qh4 17. Nxf5 Rxf5 18. f4 Ned7 19. Bg4 Rff8 20. Nb5 Nf6 21.
Nxc7 Nxg4 22. hxg4 Qxg4 23. Ne6 Rxd5 24. Nxf8 1-0

[Event "Tancat Societat Coral Colon 2010"]
[Site "Sabadell ESP"]
[Date "2010.12.21"]
[Round "8.3"]
[White "Gonzalez, Raul Omar"]
[Black "Aloma Vidal, Robert"]
[Result "0-1"]
[WhiteElo "2279"]
[BlackElo "2435"]
[PlyCount "118"]
[EventDate "2010.12.14"]
[EventType "tourn"]
[EventRounds "9"]
[EventCountry "ESP"]
[EventCategory "9"]
[Source "lmi"]
[SourceDate "2010.12.14"]

1. d4 Nf6 2. Bg5 e6 3. Nd2 h6 4. Bh4 c5 5. e3 Nc6 6. c3 d5 7. f4 g5 8. fxg5 Nh7
9. Ngf3 hxg5 10. Bg3 Bg7 11. dxc5 g4 12. Nd4 e5 13. Nb5 O-O 14. Bd3 Qg5 15. Qe2
Bd7 16. e4 d4 17. Nd6 dxc3 18. bxc3 Nf6 19. O-O Nh5 20. N2c4 Nf4 21. Qc2 Nd8
22. Rfe1 Nde6 23. Nxb7 Bb5 24. Bf1 Bc6 25. Nca5 Bxb7 26. Nxb7 Qe7 27. c6 Qc7
28. Qa4 Rfc8 29. Na5 Bf8 30. Nc4 f6 31. Bf2 Nc5 32. Qd1 Qg7 33. Re3 Rd8 34. Qc2
Qg6 35. Rae1 Rac8 36. Na5 Rc7 37. Nb7 Rb8 38. Na5 Kh8 39. Rb1 Rbc8 40. Ree1 Rh7
41. Rb5 Qh6 42. h4 gxh3 43. g3 Rg7 44. Kh2 Nce6 45. Rb7 Ng2 46. Re2 Nh4 47. Qd3
Nf4 48. gxf4 Qxf4+ 49. Kh1 Rg2 50. Bxg2 hxg2+ 51. Kg1 Bc5 52. Re3 Rg8 53. Qe2
Bxe3 54. Qh5+ Qh6 55. Qxh6+ Bxh6 56. Kh2 Nf3+ 57. Kh3 Bf4 58. Rb1 g1=Q 59. Bxg1
Rg3# 0-1

[Event "Tancat Societat Coral Colon 2010"]
[Site "Sabadell ESP"]
[Date "2010.12.21"]
[Round "8.4"]
[White "Panelo, Marcelo"]
[Black "Gonzalez Garcia, Jose"]
[Result "1/2-1/2"]
[WhiteElo "2432"]
[BlackElo "2521"]
[PlyCount "20"]
[EventDate "2010.12.14"]
[EventType "tourn"]
[EventRounds "9"]
[EventCountry "ESP"]
[EventCategory "9"]
[Source "lmi"]
[SourceDate "2010.12.14"]

1. d4 Nf6 2. Nf3 e6 3. c4 b6 4. g3 Bb7 5. Bg2 Bb4+ 6. Bd2 Bxd2+ 7. Qxd2 O-O 8.
Nc3 Ne4 9. Nxe4 Bxe4 10. Qf4 d5 1/2-1/2

[Event "Tancat Societat Coral Colon 2010"]
[Site "Sabadell ESP"]
[Date "2010.12.21"]
[Round "8.5"]
[White "Mestre Bellido, Hector"]
[Black "Vila Gazquez, Xavier"]
[Result "1/2-1/2"]
[WhiteElo "2397"]
[BlackElo "2469"]
[PlyCount "26"]
[EventDate "2010.12.14"]
[EventType "tourn"]
[EventRounds "9"]
[EventCountry "ESP"]
[EventCategory "9"]
[Source "lmi"]
[SourceDate "2010.12.14"]

1. e4 c6 2. d4 d5 3. exd5 cxd5 4. Bd3 Nc6 5. c3 Nf6 6. Bf4 g6 7. Nd2 Bg7 8.
Ngf3 O-O 9. h3 Bf5 10. Be2 Qb6 11. Qb3 Qxb3 12. axb3 Ne4 13. O-O Nxd2 1/2-1/2

[Event "Tancat Societat Coral Colon 2010"]
[Site "Sabadell ESP"]
[Date "2010.12.22"]
[Round "9.2"]
[White "Gonzalez Garcia, Jose"]
[Black "Mestre Bellido, Hector"]
[Result "1-0"]
[WhiteElo "2521"]
[BlackElo "2397"]
[PlyCount "53"]
[EventDate "2010.12.14"]
[EventType "tourn"]
[EventRounds "9"]
[EventCountry "ESP"]
[EventCategory "9"]
[Source "lmi"]
[SourceDate "2010.12.14"]

1. Nf3 d5 2. c4 c6 3. g3 Nf6 4. Bg2 Bg4 5. Ne5 Be6 6. cxd5 Bxd5 7. Nf3 c5 8.
Nc3 Bc6 9. O-O e6 10. d3 Be7 11. e4 O-O 12. Qe2 b6 13. Rd1 Qc8 14. d4 cxd4 15.
Nxd4 e5 16. Nf5 Re8 17. Bg5 Nbd7 18. Rac1 Bf8 19. Nd5 Re6 20. Bh3 Qb7 21. Bxf6
gxf6 22. Nfe3 Kh8 23. Qh5 Nc5 24. Bf5 h6 25. Ng4 Bxd5 26. exd5 Rd6 27. b4 1-0

[Event "Tancat Societat Coral Colon 2010"]
[Site "Sabadell ESP"]
[Date "2010.12.22"]
[Round "9.4"]
[White "Moskalenko, Viktor"]
[Black "Gonzalez, Raul Omar"]
[Result "1-0"]
[WhiteElo "2587"]
[BlackElo "2279"]
[PlyCount "65"]
[EventDate "2010.12.14"]
[EventType "tourn"]
[EventRounds "9"]
[EventCountry "ESP"]
[EventCategory "9"]
[Source "lmi"]
[SourceDate "2010.12.14"]

1. d4 Nf6 2. Bg5 e6 3. Nd2 d5 4. e3 c5 5. c3 Nc6 6. Ngf3 Qb6 7. Rb1 Bd7 8. Bd3
Bd6 9. O-O a5 10. Qe2 cxd4 11. exd4 Qc7 12. Rbe1 Ng4 13. h3 h6 14. Bh4 Nh2 15.
Nxh2 Bxh2+ 16. Kh1 Bf4 17. Nf3 g5 18. Bg3 Bxg3 19. fxg3 Qxg3 20. Nh2 h5 21. Rf3
Qd6 22. Ref1 Nd8 23. Rf6 g4 24. Qe3 Rg8 25. hxg4 hxg4 26. g3 b5 27. R6f4 Rh8
28. Kg2 b4 29. Nxg4 bxc3 30. Nf6+ Ke7 31. R4f2 Bc6 32. Qg5 e5 33. Ne4+ 1-0

[Event "Tancat Societat Coral Colon 2010"]
[Site "Sabadell ESP"]
[Date "2010.12.22"]
[Round "9.5"]
[White "Jerez Perez, Alfonso"]
[Black "Alonso Rosell, Alvar"]
[Result "0-1"]
[WhiteElo "2418"]
[BlackElo "2491"]
[PlyCount "110"]
[EventDate "2010.12.14"]
[EventType "tourn"]
[EventRounds "9"]
[EventCountry "ESP"]
[EventCategory "9"]
[Source "lmi"]
[SourceDate "2010.12.14"]

1. e4 c6 2. d4 d5 3. Nc3 dxe4 4. Nxe4 Bf5 5. Ng3 Bg6 6. Nf3 Nd7 7. h4 h6 8. h5
Bh7 9. Bd3 Bxd3 10. Qxd3 e6 11. Bd2 Ngf6 12. O-O-O Be7 13. Qe2 O-O 14. Nf1 Nb6
15. c4 Qc7 16. g4 c5 17. g5 hxg5 18. Bxg5 cxd4 19. Rxd4 Rfd8 20. Rdh4 Rac8 21.
N1d2 Rd5 22. Kb1 Rf5 23. Rg1 Kh8 24. Nd4 Rxg5 25. Rxg5 Nh7 26. Nb5 Qb8 27. Rgg4
Bxh4 28. Rxh4 a6 29. Nc3 Qd6 30. h6 g6 31. Qe3 e5 32. Re4 Nd7 33. f4 exf4 34.
Rxf4 Nhf6 35. Nce4 Nxe4 36. Rxe4 Nf6 37. Rf4 Kh7 38. c5 Qd8 39. a3 Rc6 40. Qc3
Kxh6 41. Nb3 g5 42. Rf1 Kg6 43. Nd4 Ne4 44. Qd3 Re6 45. Rd1 Re5 46. Qc2 Qf6 47.
Re1 Qf4 48. Ka1 f5 49. c6 bxc6 50. Nxc6 Rc5 51. Ne7+ Kf7 52. Qb3+ Kxe7 53. Qb4
Kf7 54. Qb3+ Kf6 55. Ka2 Qd6 0-1